Lyžovanie - behy : učebné texty pre školenie trénerov 2. a 3. triedy /

Uložené v:
Podrobná bibliografia
Hlavný autor: Svobodová, Lýdia (Author)
Médium: Kniha
Jazyk:Slovak
Vydané: Bratislava : Šport, 1977.
Vydanie:1. vyd.
Edícia:Učebné texty
ISBN: (brož.)
Fyzický popis: 249 s.
Tagy: Pridať tag
Žiadne tagy, Buďte prvý kto otaguje tento záznam!

MARC

LEADER 00000nam a2200000 a 4500
001 000126310
005 20091025173540.0
008 040101s1977 xo e slo d
020 |a (brož.) 
040 |a SVKKK  |b slo  |c SVKKK  |e AACR2 
041 0 |a slo 
044 |a xo  |c SK 
245 0 0 |a Lyžovanie - behy :  |b učebné texty pre školenie trénerov 2. a 3. triedy /  |c Lýdia Svobodová ... [et al.]. 
250 |a 1. vyd. 
260 |a Bratislava :  |b Šport,  |c 1977. 
300 |a 249 s. 
490 1 |a Učebné texty 
700 1 |a Svobodová, Lýdia  |4 aut 
910 |a svkkk 
998 |a BK 
090 |g SCKHL  |k Sklad Pribinova 2. posch.  |a II.240350  |j 579575  |i 126310-10  |s Absenčne